Riconosci il Pokémon - Quiz n°901 - Statistics

Statistiche generali
  • Questo quiz è stato fatto 2 volte
  • Il punteggio medio è 7 su 10
Statistiche sulle risposte
Indizio Risposta % Corretto
Tipo Lotta / Spettro
100%
Generazione Nona
100%
Stadio evoluzione Seconda evoluzione
100%
Abilità Spiritovivo; Forza Interiore; Agonismo
100%
Altezza 1,2 m
50%
Tasso di cattura 45 (11.9%)
50%
Sesso 50% ♂, 50% ♀
50%
Peso 56,0 kg
50%
Pokémon Annihilape
50%
Tasso di allevamento Medio-Veloce
50%
Nessun quiz corrispondente trovato
Distribuzione punteggi
Percentuale di utenti per punteggio
Percentile per numero di risposta
I tuoi punteggi nel tempo
Non hai fatto questo quiz